Statistics for 2021 Seattle Mariners

Click here to take the quiz!

General Stats

  • This quiz has been taken 59 times
  • The average score is 18 of 38

Answer Stats

HintAnswer% Correct
3B159Kyle Seager
93%
SS160J.P. Crawford
89%
OF157Mitch Haniger
84%
1B152Ty France
84%
SP25Marco Gonzales
80%
OF93Jarred Kelenic
71%
C97Tom Murphy
71%
C47Cal Raleigh
69%
2B126Dylan Moore
62%
1B30Evan White
62%
SP24Logan Gilbert
62%
2B60Abraham Toro
60%
SP29Yusei Kikuchi
60%
OF36Kyle Lewis
58%
RP62Paul Sewald
58%
SP31Chris Flexen
51%
RP24Diego Castillo
49%
DH108Luis Torrens
49%
OF78Jake Fraley
42%
RP30Kendall Graveman
40%
SP13Tyler Anderson
40%
RP62Drew Steckenrider
38%
OF51Taylor Trammell
38%
RP23Joe Smith
36%
OF35Sam Haggerty
36%
SP11Justin Dunn
33%
SP15Justus Sheffield
33%
OF34Shed Long Jr.
31%
1B41Jose Marmolejos
29%
RP66Anthony Misiewicz
22%
RP42Casey Sadler
22%
OF72Jake Bauers
22%
RP40Rafael Montero
18%
RP33Erik Swanson
16%
RP32Keynan Middleton
16%
RP31JT Chargois
13%
RP32Will Vest
13%
RP25Yohan Ramirez
11%

Score Distribution

Percentile by Number Answered

Percent of People with Each Score

Your Score History

You have not taken this quiz